000 00547nam a22002057a 4500
003 OSt
005 20140310183113.0
008 130410t xxu||||| |||| 00| 0 eng d
050 _aLC 315
_b.B352 2009
082 _aFIL 170
_bB31 2009
245 _aEssentials of values education /
_cBauzon, Priciliano T.
250 _a3rd ed
260 _aManila :
_bNational Book Store,
_c2009.
300 _a169 p. :
_bill. ;
_c22 cm.
521 _aCollege
526 _c1210L-1700L
541 _j1
562 _e1
942 _2lcc
_cBK
_kFIL
999 _c18867
_d18867